Inventarizačné rozdiely a vybrané účtovné prípady v roku 2019

Vybrané prípady účtovania rozdielov u neobežného majetku. Účtovanie vybraných najčastejšie vznikajúcich rozdielov pri zásobách. Vybrané účtovné prípady účtovania rozdielov zistených pri inventarizácii.

Salvato in:
Dettagli Bibliografici
Autore principale: Pakšiová, Renáta, 1974-
Natura: Capitolo di libro
Lingua:slovacco
Soggetti:
Tags: Aggiungi Tag
Nessun Tag, puoi essere il primo ad aggiungerne!!

MARC

LEADER 00000naa a2200000 4500
001 0251851
005 20240502074035.5
041 0 |a slo 
044 |a SK 
245 1 0 |a Inventarizačné rozdiely a vybrané účtovné prípady v roku 2019  |c Renáta Pakšiová 
520 |a Vybrané prípady účtovania rozdielov u neobežného majetku. Účtovanie vybraných najčastejšie vznikajúcich rozdielov pri zásobách. Vybrané účtovné prípady účtovania rozdielov zistených pri inventarizácii. 
610 2 0 |a účtovníctvo podvojné 
610 2 0 |a účtovanie 
610 2 0 |a účty 
610 2 0 |a inventarizácia 
610 2 0 |a zásoby 
610 2 0 |a majetok neobežný 
610 2 0 |a manká 
610 2 0 |a škody 
100 1 |a Pakšiová, Renáta, 1974-